| 000 | 00657nam a22002297a 4500 | ||
|---|---|---|---|
| 001 | 000340 | ||
| 003 | DO-SdBNP | ||
| 005 | 20180201112114.0 | ||
| 007 | 000340 | ||
| 008 | 160629b 1993 xxu| | 00| 0 spa d | ||
| 020 | _a0590460579 | ||
| 040 |
_aBPMSU _bspa _cBPMSU |
||
| 092 |
_axxxxx _bxxxxx |
||
| 100 | 1 | _aPope, Elizabeth Marie | |
| 245 | 1 | 0 |
_aThe perilous gard / _cElizabeth Marie Pope ; ilustraciones Richard Cuffari. |
| 260 |
_aNew York : _bScholastic, _c1993. |
||
| 300 |
_a280 p. : _bil. ; _c22 cm. |
||
| 700 | 1 |
_aCuffari, Richard, _eil. |
|
| 942 |
_2ddc _cBK |
||
| 945 | _aInventariado, 2018/ YL | ||
| 956 |
_2LOPEREZ _310 _620160629 _8BPMSU _a00041 |
||
| 999 |
_c10635 _d10635 |
||